IV. Jahresbericht des Deutschen Ruder Vereins Mexico. (Record no. 6654)

MARC details
000 -CABECERA
campo de control de longitud fija 00555nam a2200193 a 4500
001 - NÚMERO DE CONTROL
campo de control BRCA_6973
005 - FECHA Y HORA DE LA ÚLTIMA TRANSACCIÓN
campo de control 20190320205650.0
008 - DATOS DE LONGITUD FIJA--INFORMACIÓN GENERAL
campo de control de longitud fija 221111s19121913mx-#######---#000-0#ger-#
041 ## - CÓDIGO DE LENGUA
Código de lengua del texto/banda sonora o título independiente ger
050 #4 - SIGNATURA TOPOGRÁFICA DE LA BIBLIOTECA DEL CONGRESO
Número de documento/Ítem D48 1913
110 2# - ENTRADA PRINCIPAL--NOMBRE DE ENTIDAD CORPORATIVA
Nombre de entidad corporativa o nombre de jurisdicción como elemento de entrada Deutschen Ruder Vereins, Mexico
9 (RLIN) 17367
245 10 - MENCIÓN DE TÍTULO
Título IV. Jahresbericht des Deutschen Ruder Vereins Mexico.
Mención de responsabilidad, etc. der I.Vorsitzende W. Gottschalk.
260 ## - PUBLICACIÓN, DISTRIBUCIÓN, ETC.
Lugar de publicación, distribución, etc. [México]
Fecha de publicación, distribución, etc. [1913]
300 ## - DESCRIPCIÓN FÍSICA
Extensión 19 p.
Dimensiones 22 cm.
500 ## - NOTA GENERAL
Nota general L175
610 24 - PUNTO DE ACCESO ADICIONAL DE MATERIA--NOMBRE DE ENTIDAD CORPORATIVA
Nombre de entidad corporativa o nombre de jurisdicción como elemento de entrada Federación Alemana Club de Remo México
9 (RLIN) 17368
902 ## - CATALOGADOR
Iniciales GFM
942 ## - ELEMENTOS DE PUNTO DE ACCESO ADICIONAL (KOHA)
Fuente del sistema de clasificación o colocación Library of Congress Classification
Tipo de ítem Koha Libros
Holdings
Estado de retiro Estado de pérdida Estado dañado No para préstamo Localización permanente Ubicación/localización actual Fecha de adquisición Número de inventario Total de préstamos Signatura topográfica completa Código de barras Fecha visto por última vez Precio válido a partir de Tipo de ítem Koha
El ejemplar forma parte de la colección y puede ser consultado según las políticas vigentes.       Biblioteca del Museo Franz Mayer (Rogerio Casas-Alatriste) Biblioteca del Museo Franz Mayer (Rogerio Casas-Alatriste) 22/11/2011 L175   D48 1913 (L175) 7420 22/03/2019 22/03/2019 Libros